[Event "I Torneo Sociale"]
[Site "Fossano ITA"]
[Date "2015.10.12"]
[Round "6"]
[White "Rovere, Adriano"]
[Black "Mondino, Ivano"]
[WhiteElo "1617"]
[BlackElo "1860"]
[Result "0-1"]
[PlyCount "74"]
[EventDate "2015.09.07"]

1. e4 e5 2. Nf3 Nc6 3. Bc4 Nf6 4. d3 Bc5 5. Nc3 O-O 6. Bg5 Be7 7. Ne2 d5 8.
Bxf6 dxc4 9. Bxe7 Qxe7 10. Nc3 Qb4 11. Rb1 cxd3 12. cxd3 Bg4 13. h3 Bh5 14. g4
Bg6 15. O-O f6 16. Nd5 Qd6 17. Nh4 Ne7 18. Nxg6 hxg6 19. Nxe7+ Qxe7 20. Qb3+
Qf7 21. Qxb7 f5 22. Rbc1 Rac8 23. f3 fxg4 24. fxg4 Qxa2 25. Rxc7 Rxf1+ 26. Kxf1
Rxc7 27. Qxc7 Qb1+ 28. Ke2 Qxb2+ 29. Kd1 Qd4 30. Qc4+ Qxc4 31. dxc4 Kf7 32. h4
Ke6 33. Kc2 Kd6 34. Kb3 Kc5 35. Kc3 a5 36. Kb3 a4+ 37. Kxa4 Kxc4 0-1

[Event "XLII C.to Italiano femminile"]
[Site "Giovinazzo ITA"]
[Date "2015.07.19"]
[Round "1"]
[White "De Rosa, Mariagrazia"]
[Black "Brunello, Marina"]
[WhiteElo "2073"]
[BlackElo "2287"]
[Result "0-1"]
[PlyCount "60"]
[EventDate "2015.07.19"]

1. e4 c5 2. Nf3 d6 3. d4 cxd4 4. Nxd4 a6 5. Nc3 Nf6 6. Be2 e5 7. Nb3 Be7 8. Bg5
Be6 9. Bxf6 Bxf6 10. Qd3 Nc6 11. O-O-O Nd4 12. Nxd4 exd4 13. Nd5 Bxd5 14. exd5
O-O 15. Qf3 b5 16. Bd3 Rb8 17. h4 a5 18. Rde1 a4 19. h5 a3 20. bxa3 g6 21. Re4
Bg7 22. Reh4 Qg5+ 23. Kb1 Rfe8 24. hxg6 hxg6 25. Rg4 Qd2 26. Rf4 Re1+ 27. Rxe1
Qxe1+ 28. Kb2 Bh6 29. Qg4 Re8 30. Bxb5 Qc3+ 0-1

[Event "XLII C.to Italiano femminile"]
[Site "Giovinazzo ITA"]
[Date "2015.07.19"]
[Round "1"]
[White "Gueci, Laura"]
[Black "Di Benedetto, Desiree"]
[WhiteElo "1990"]
[BlackElo "2152"]
[Result "1/2-1/2"]
[PlyCount "66"]
[EventDate "2015.07.19"]

1. c4 e6 2. Nf3 d5 3. b3 d4 4. g3 g6 5. Bb2 Bg7 6. Bg2 Ne7 7. O-O O-O 8. d3 c5
9. Na3 Nbc6 10. Nc2 e5 11. Rb1 Qd6 12. a3 a5 13. Ba1 b6 14. Nd2 Ra7 15. b4 f5
16. bxc5 bxc5 17. a4 Nb4 18. Na3 Qb6 19. Nb5 Rd7 20. Bb2 Bb7 21. Nf3 e4 22. Ne1
Qe6 23. Bc1 h6 24. Bf4 g5 25. Bd2 e3 26. fxe3 dxe3 27. Bc3 Bxg2 28. Nxg2 Nxd3
29. Qb3 Nb4 30. Bxg7 Kxg7 31. Nxe3 Rfd8 32. Rf2 Nd3 33. Qc3+ Kg6 1/2-1/2

[Event "XLII C.to Italiano femminile"]
[Site "Giovinazzo ITA"]
[Date "2015.07.19"]
[Round "1"]
[White "Movileanu, Daniela"]
[Black "Miracola, Giorgia"]
[WhiteElo "2180"]
[BlackElo "2013"]
[Result "1-0"]
[PlyCount "79"]
[EventDate "2015.07.19"]

1. e4 Nf6 2. e5 Nd5 3. d4 d6 4. c4 Nb6 5. exd6 cxd6 6. Nc3 g6 7. Be3 Bg7 8. b3
O-O 9. Rc1 Bf5 10. Nf3 Bg4 11. Be2 e6 12. O-O Bxf3 13. Bxf3 d5 14. cxd5 exd5
15. Qd2 Nc6 16. Ne2 Re8 17. Rfd1 Rc8 18. Bg4 Rc7 19. Nc3 Rce7 20. h4 Rxe3 21.
fxe3 Qxh4 22. Bf3 Bh6 23. Re1 Qe7 24. Nd1 Bf4 25. Kf1 Bg3 26. Nf2 Qh4 27. Red1
Ne7 28. Rc3 Nf5 29. Rdc1 Bd6 30. Rd3 Ng3+ 31. Kg1 Ne4 32. Bxe4 dxe4 33. Rdc3
Bb4 34. Qe2 Bxc3 35. Rxc3 Qg3 36. Rc5 f5 37. Nh3 Qd6 38. Nf4 Rc8 39. Rxc8+ Nxc8
40. Qc4+ 1-0

[Event "XLII C.to Italiano femminile"]
[Site "Giovinazzo ITA"]
[Date "2015.07.19"]
[Round "1"]
[White "Paolillo, Gaia"]
[Black "Palma, Maria"]
[WhiteElo "2140"]
[BlackElo "1929"]
[Result "1/2-1/2"]
[PlyCount "123"]
[EventDate "2015.07.19"]

1. Nf3 Nf6 2. c4 c5 3. g3 Nc6 4. Bg2 d6 5. O-O g6 6. b3 Bg7 7. Bb2 O-O 8. Nc3
a6 9. d4 cxd4 10. Nxd4 Bd7 11. Nd5 Nxd5 12. Bxd5 Rb8 13. Bg2 Nxd4 14. Bxd4 Bxd4
15. Qxd4 Bc6 16. e4 Qd7 17. Rad1 Qc7 18. Rfe1 Rfd8 19. Re2 Qa5 20. Rc2 Rbc8 21.
Qc3 Qxc3 22. Rxc3 b5 23. cxb5 axb5 24. Rdc1 Bb7 25. Rxc8 Rxc8 26. Rxc8+ Bxc8
27. Bf1 Bd7 28. f4 Bc6 29. Kf2 Kf8 30. Ke3 Ke8 31. Kd4 Kd8 32. e5 Kc7 33. Be2
Kb6 34. g4 dxe5+ 35. fxe5 f5 36. gxf5 gxf5 37. b4 e6 38. h4 Bd5 39. a3 Be4 40.
Bh5 Bc6 41. Bd1 Bd5 42. Bc2 Ba2 43. Bd3 Bb3 44. Be2 Bd5 45. Bd1 Kc6 46. Bc2 Ba2
47. Bd1 Bd5 48. Bh5 Kb6 49. Bf7 Ba2 50. Bg8 h6 51. Bh7 Bb3 52. Bg6 Ba2 53. Bh5
Bd5 54. Bd1 Kc6 55. Bc2 Ba2 56. Bd1 Bd5 57. Be2 Kb6 58. Bf1 Kc6 59. Bh3 Bf3 60.
Ke3 Bd5 61. Bf1 Be4 62. Kd4 1/2-1/2

[Event "XLII C.to Italiano femminile"]
[Site "Giovinazzo ITA"]
[Date "2015.07.20"]
[Round "2"]
[White "Brunello, Marina"]
[Black "Santeramo, Alessia Carmen"]
[WhiteElo "2287"]
[BlackElo "2085"]
[Result "1-0"]
[PlyCount "117"]
[EventDate "2015.07.19"]

1. e4 e5 2. Nf3 Nc6 3. Bc4 Nf6 4. d3 Bc5 5. c3 a6 6. Bb3 d6 7. Nbd2 O-O 8. h3
Be6 9. Bc2 Ba7 10. O-O Ne7 11. Re1 Ng6 12. Nf1 h6 13. Ng3 Nh7 14. Be3 Ng5 15.
d4 Qf6 16. Nf5 Nf4 17. Bxf4 exf4 18. Nh2 Rfe8 19. Qd3 Rad8 20. h4 Nh7 21. Qf3
Bxf5 22. exf5 Qxh4 23. Qxb7 Bb6 24. Nf3 Qf6 25. Qxa6 Ng5 26. Nxg5 hxg5 27. Qb5
Re7 28. Rxe7 Qxe7 29. Kf1 Re8 30. Ba4 Rf8 31. Re1 Qf6 32. Bd1 Qh6 33. Kg1 Qh4
34. Qe2 c5 35. Qd2 cxd4 36. cxd4 Ra8 37. a3 d5 38. Rf1 Re8 39. Bf3 Rd8 40. Qb4
g4 41. Bxg4 Qxg4 42. Qxb6 Rc8 43. Qb3 Qxf5 44. Qh3 Qc2 45. b4 Rc3 46. Qd7 Qe4
47. b5 f3 48. g3 Qxd4 49. Qe8+ Kh7 50. Qxf7 Rxa3 51. Qf5+ Kg8 52. Rb1 Rd3 53.
b6 Rd1+ 54. Rxd1 Qxd1+ 55. Kh2 Qb3 56. Qc8+ Kh7 57. b7 Qb6 58. b8=Q Qxf2+ 59.
Kh3 1-0

[Event "XLII C.to Italiano femminile"]
[Site "Giovinazzo ITA"]
[Date "2015.07.20"]
[Round "2"]
[White "Di Benedetto, Desiree"]
[Black "Paolillo, Gaia"]
[WhiteElo "2152"]
[BlackElo "2140"]
[Result "0-1"]
[PlyCount "80"]
[EventDate "2015.07.19"]

1. e4 e6 2. d4 d5 3. Nc3 Nf6 4. Bg5 Be7 5. e5 Nfd7 6. Bxe7 Qxe7 7. f4 a6 8. Nf3
c5 9. Qd2 Nc6 10. dxc5 Nxc5 11. Bd3 f6 12. exf6 Qxf6 13. O-O O-O 14. g3 Bd7 15.
a3 Rac8 16. Rae1 Be8 17. Ng5 Nxd3 18. Qxd3 Bg6 19. Qd2 Rfe8 20. Nf3 Kh8 21. Ne5
Nxe5 22. Rxe5 Qd8 23. Qf2 Bf5 24. Rfe1 Qd6 25. Nxd5 Rxc2 26. R1e2 Rc1+ 27. Re1
Rec8 28. Nc3 Rxe1+ 29. Rxe1 Bg4 30. Qg2 Qd4+ 31. Qf2 Rd8 32. Qxd4 Rxd4 33. Rf1
Kg8 34. Rf2 Kf7 35. Kf1 Ke7 36. Ke1 Kd6 37. Rc2 h5 38. Kf2 Bf5 39. Re2 Kc5 40.
Nd1 Rxd1 0-1

[Event "XLII C.to Italiano femminile"]
[Site "Giovinazzo ITA"]
[Date "2015.07.20"]
[Round "2"]
[White "Gueci, Tea"]
[Black "Movileanu, Daniela"]
[WhiteElo "2136"]
[BlackElo "2180"]
[Result "1/2-1/2"]
[PlyCount "81"]
[EventDate "2015.07.19"]

1. e4 c5 2. Nf3 d6 3. d4 Nf6 4. Nc3 cxd4 5. Nxd4 Bd7 6. f3 e5 7. Ndb5 Be6 8.
Bg5 a6 9. Na3 Nbd7 10. Nc4 Qc7 11. Ne3 Be7 12. Qd2 h6 13. Bxf6 Nxf6 14. O-O-O
b5 15. g4 Rb8 16. h4 b4 17. Ncd5 Nxd5 18. Nxd5 Bxd5 19. Qxd5 O-O 20. Bxa6 Ra8
21. Bd3 Ra5 22. Qb3 Rc8 23. Kb1 Qc5 24. Rdf1 g5 25. h5 Kg7 26. Rd1 Rca8 27. Bc4
Rxa2 28. Qxa2 Rxa2 29. Bxa2 Qf2 30. Rhf1 Qe2 31. Rde1 Qb5 32. Rd1 Bd8 33. Rfe1
Bc7 34. Rd5 Qb6 35. Bc4 Qa7 36. Red1 Kf8 37. Bb3 Qf2 38. R1d3 Qg1+ 39. Ka2 Qa7+
40. Kb1 Qg1+ 41. Rd1 1/2-1/2

[Event "XLII C.to Italiano femminile"]
[Site "Giovinazzo ITA"]
[Date "2015.07.20"]
[Round "2"]
[White "Palma, Maria"]
[Black "Gueci, Laura"]
[WhiteElo "1929"]
[BlackElo "1990"]
[Result "0-1"]
[PlyCount "92"]
[EventDate "2015.07.19"]

1. Nf3 c5 2. c4 Nc6 3. g3 g6 4. Bg2 Bg7 5. Nc3 d6 6. O-O e5 7. d3 Nge7 8. a3
O-O 9. Rb1 a5 10. Ne1 Be6 11. Nc2 d5 12. cxd5 Nxd5 13. Ne3 Nde7 14. Ne4 b6 15.
b3 h6 16. Nc4 Rb8 17. a4 Nd4 18. Nc3 Nd5 19. Nxd5 Bxd5 20. e4 Bxc4 21. dxc4 Rb7
22. Qg4 Kh7 23. h4 f5 24. exf5 gxf5 25. Qh5 Rd7 26. g4 Ne2+ 27. Kh1 Nxc1 28.
Rbxc1 Rd4 29. g5 Qd6 30. Rcd1 Qg6 31. Qxg6+ Kxg6 32. gxh6 Bxh6 33. Kg1 Kf6 34.
Rfe1 Rfd8 35. Bf3 Bd2 36. Re2 e4 37. Bg2 Bf4 38. Rxd4 cxd4 39. Re1 d3 40. Rd1
d2 41. Bf1 Rg8+ 42. Bg2 Rh8 43. Kf1 Rxh4 44. Ke2 Rh2 45. Rg1 Ke5 46. Bf1 Rxf2+
0-1

[Event "XLII C.to Italiano femminile"]
[Site "Giovinazzo ITA"]
[Date "2015.07.20"]
[Round "3"]
[White "De Rosa, Mariagrazia"]
[Black "Miracola, Giorgia"]
[WhiteElo "2073"]
[BlackElo "2013"]
[Result "1-0"]
[PlyCount "95"]
[EventDate "2015.07.19"]

1. e4 Nf6 2. e5 Nd5 3. c4 Nb6 4. d4 d6 5. exd6 cxd6 6. Nc3 g6 7. Be3 Bg7 8. Rc1
O-O 9. b3 Bf5 10. Be2 h5 11. Nf3 Nc6 12. d5 Ne5 13. Nd4 Bg4 14. f3 Bc8 15. Qd2
Re8 16. Ne4 e6 17. dxe6 Bxe6 18. Nb5 d5 19. Ned6 Re7 20. c5 Nc8 21. Nxc8 Qxc8
22. O-O Nc6 23. Nd4 Nxd4 24. Bxd4 Qd7 25. Bxg7 Kxg7 26. Qd4+ Kg8 27. Rfd1 Rd8
28. Rd2 Bf5 29. Rcd1 Qe8 30. Bc4 Re1+ 31. Kf2 Rxd1 32. Rxd1 Be6 33. b4 a5 34.
b5 Rc8 35. Bd3 Qe7 36. Rc1 h4 37. a4 Qg5 38. Rc2 h3 39. g3 Bd7 40. f4 Qe7 41.
Qxd5 Be6 42. Qe5 Qd7 43. Qd6 Qxd6 44. cxd6 Rd8 45. Be4 Rxd6 46. Bxb7 Bb3 47.
Rb2 Bxa4 48. b6 1-0

[Event "XLII C.to Italiano femminile"]
[Site "Giovinazzo ITA"]
[Date "2015.07.20"]
[Round "3"]
[White "Gueci, Laura"]
[Black "Santeramo, Alessia Carmen"]
[WhiteElo "1990"]
[BlackElo "2085"]
[Result "0-1"]
[PlyCount "88"]
[EventDate "2015.07.19"]

1. c4 Nf6 2. Nf3 c5 3. g3 d5 4. cxd5 Nxd5 5. Bg2 Nc6 6. Nc3 Nc7 7. O-O e5 8. d3
Be7 9. Be3 O-O 10. Na4 b6 11. Rc1 Be6 12. a3 Qd7 13. Qc2 Nb5 14. Nc3 Nbd4 15.
Bxd4 exd4 16. Ne4 Bd5 17. Ned2 f5 18. e3 Bf6 19. Nc4 Rae8 20. Rfe1 dxe3 21.
fxe3 Re7 22. e4 Nd4 23. Nxd4 Bxd4+ 24. Kh1 Bb7 25. Rf1 Ref7 26. Nd2 f4 27. gxf4
Rxf4 28. Nf3 Ba6 29. Rcd1 h6 30. Qb3+ Kh7 31. Nxd4 Qxd4 32. Rxf4 Rxf4 33. Qc3
Qd7 34. d4 cxd4 35. Rxd4 Qf7 36. Qe1 Bf1 37. Rd2 Bxg2+ 38. Kxg2 Rg4+ 39. Qg3
Rxg3+ 40. hxg3 Qc4 41. Kf3 Qf1+ 42. Ke3 Qe1+ 43. Re2 Qxg3+ 44. Kd4 Qd6+ 0-1

[Event "XLII C.to Italiano femminile"]
[Site "Giovinazzo ITA"]
[Date "2015.07.20"]
[Round "3"]
[White "Movileanu, Daniela"]
[Black "Brunello, Marina"]
[WhiteElo "2180"]
[BlackElo "2287"]
[Result "1/2-1/2"]
[PlyCount "53"]
[EventDate "2015.07.19"]

1. e4 c5 2. Nf3 d6 3. d4 cxd4 4. Nxd4 Nf6 5. Nc3 a6 6. Be3 e5 7. Nb3 Be6 8. h3
Nbd7 9. f4 exf4 10. Bxf4 Ne5 11. Qe2 Qc7 12. O-O-O Be7 13. g4 h6 14. Nd5 Nxd5
15. exd5 Bd7 16. Nd4 O-O-O 17. Rg1 Kb8 18. Rg3 Bf6 19. Rb3 Ka8 20. Kb1 Rc8 21.
Be3 Rhe8 22. Qf2 Qd8 23. Qd2 Qc7 24. Rc3 Qd8 25. Rb3 Qc7 26. Rc3 Qd8 27. Rb3
1/2-1/2

[Event "XLII C.to Italiano femminile"]
[Site "Giovinazzo ITA"]
[Date "2015.07.20"]
[Round "3"]
[White "Paolillo, Gaia"]
[Black "Gueci, Tea"]
[WhiteElo "2140"]
[BlackElo "2136"]
[Result "1/2-1/2"]
[PlyCount "63"]
[EventDate "2015.07.19"]

1. Nf3 c5 2. c4 g6 3. g3 Bg7 4. Bg2 Nc6 5. Nc3 e6 6. O-O Nge7 7. d4 cxd4 8. Nb5
d5 9. cxd5 Nxd5 10. Nbxd4 Nxd4 11. Nxd4 O-O 12. e3 Qe7 13. Qb3 Nb6 14. Bd2 Rd8
15. Bb4 Qe8 16. Ba5 e5 17. Bxb6 axb6 18. Nf3 b5 19. Rfd1 Be6 20. Rxd8 Rxd8 21.
Qb4 Bd5 22. a3 Bc6 23. Rc1 Qd7 24. Ng5 Bxg2 25. Kxg2 h6 26. Ne4 f5 27. Nc3 Qc6+
28. Kg1 Rd2 29. Na2 Qd7 30. Nc3 Qc6 31. Na2 Qd7 32. Nc3 1/2-1/2

[Event "XLII C.to Italiano femminile"]
[Site "Giovinazzo ITA"]
[Date "2015.07.21"]
[Round "4"]
[White "Brunello, Marina"]
[Black "Paolillo, Gaia"]
[WhiteElo "2287"]
[BlackElo "2140"]
[Result "1-0"]
[PlyCount "157"]
[EventDate "2015.07.19"]

1. e4 e6 2. d4 d5 3. Nd2 Nf6 4. e5 Nfd7 5. Bd3 c5 6. c3 Nc6 7. Ne2 cxd4 8. cxd4
f6 9. exf6 Nxf6 10. O-O Bd6 11. Nf3 O-O 12. Bf4 Bxf4 13. Nxf4 Qd6 14. Ne2 Ng4
15. Ng3 e5 16. dxe5 Ncxe5 17. Nxe5 Nxe5 18. Qd2 Nxd3 19. Qxd3 Be6 20. Ne2 Qb6
21. b3 Rad8 22. Nd4 Bf7 23. Rad1 Rd7 24. Rd2 Rfd8 25. Rfd1 a6 26. Qf3 Re8 27.
h3 Rde7 28. Qg3 Qc7 29. Qxc7 Rxc7 30. Nf5 Rd7 31. Ne3 Red8 32. Rd4 Be6 33. f4
g6 34. g4 Kg7 35. Kf2 Rf8 36. Kg3 Rdf7 37. Rb4 Rd7 38. Rbd4 Rdf7 39. Rc1 Rd7
40. Kf3 Kf6 41. Rc5 Rfd8 42. a4 Rd6 43. Rc3 R6d7 44. a5 Rd6 45. Rcd3 R6d7 46.
b4 Ke7 47. Rd1 Kf6 48. R1d2 Ke7 49. f5 gxf5 50. gxf5 Bf7 51. Kf4 h5 52. Ke5 Kf8
53. Nc4 Re7+ 54. Kf4 Rde8 55. Nd6 Rd8 56. Nxf7 Kxf7 57. Rxd5 Rg8 58. Rd7 h4 59.
Rxe7+ Kxe7 60. Re2+ Kf7 61. Rc2 Rg3 62. Rc7+ Kf8 63. Rh7 Rxh3 64. Kg5 Rd3 65.
Rxh4 Kg7 66. Rc4 Rd7 67. Re4 Rc7 68. Re6 Kf7 69. Rh6 Kg8 70. Rh4 Rc6 71. Rd4
Rc7 72. f6 Kf7 73. Kf5 Rc1 74. Rd7+ Ke8 75. Re7+ Kf8 76. Rxb7 Rf1+ 77. Ke6 Re1+
78. Kd7 Rc1 79. Rb6 1-0

[Event "XLII C.to Italiano femminile"]
[Site "Giovinazzo ITA"]
[Date "2015.07.21"]
[Round "4"]
[White "Miracola, Giorgia"]
[Black "Gueci, Laura"]
[WhiteElo "2013"]
[BlackElo "1990"]
[Result "0-1"]
[PlyCount "62"]
[EventDate "2015.07.19"]

1. e4 c5 2. a3 g6 3. b4 Bg7 4. c3 cxb4 5. axb4 d5 6. exd5 Qxd5 7. d4 Nf6 8. Nf3
O-O 9. Nbd2 b6 10. Be2 Qd8 11. O-O Bb7 12. Nc4 Nbd7 13. Nce5 Nxe5 14. Nxe5 Nd5
15. Qb3 Qd6 16. Nd3 Rfc8 17. Bd2 Nf6 18. Ne5 e6 19. Rfc1 Ne4 20. Bf4 Qe7 21. c4
Qh4 22. Qe3 Qe7 23. b5 f5 24. h3 g5 25. Bh2 f4 26. Qb3 Bxe5 27. dxe5 Qc5 28.
Qf3 Qxe5 29. Bd3 Nc5 30. Qe2 Qxe2 31. Bxe2 Nb3 0-1

[Event "XLII C.to Italiano femminile"]
[Site "Giovinazzo ITA"]
[Date "2015.07.21"]
[Round "4"]
[White "Santeramo, Alessia Carmen"]
[Black "Movileanu, Daniela"]
[WhiteElo "2085"]
[BlackElo "2180"]
[Result "0-1"]
[PlyCount "100"]
[EventDate "2015.07.19"]

1. e4 c5 2. Nf3 d6 3. c3 Nf6 4. Be2 Bg4 5. O-O e6 6. Re1 Nc6 7. h3 Bh5 8. d4
cxd4 9. cxd4 d5 10. e5 Ne4 11. Nc3 Nxc3 12. bxc3 Be7 13. Bd3 Bg6 14. Bxg6 hxg6
15. Bd2 Rc8 16. h4 Bxh4 17. g3 Be7 18. Kg2 Qb6 19. Rh1 Rg8 20. Rh7 Kd7 21. Bg5
Qa5 22. Bxe7 Kxe7 23. Qd2 Nd8 24. Rc1 Rc4 25. Ng5 Ra4 26. Rc2 Rc4 27. Qf4 Ke8
28. Qh4 Rxc3 29. Rxc3 Qxc3 30. Rh8 Rxh8 31. Qxh8+ Ke7 32. Nh7 Qxd4 33. Qxg7 Qb6
34. Nf8 Ke8 35. Qg8 Ke7 36. Qg7 d4 37. Nxg6+ Kd7 38. Nh8 Qc6+ 39. Kh2 Qf3 40.
Qf8 d3 41. Kg1 Qd5 42. Nxf7 Nxf7 43. Qxf7+ Kc6 44. Qe8+ Kb6 45. Qa4 d2 46. Qd1
Qd3 47. g4 Qc3 48. Kf1 Qc4+ 49. Kg2 Qc1 50. Qb3+ Kc7 0-1

[Event "XLII C.to Italiano femminile"]
[Site "Giovinazzo ITA"]
[Date "2015.07.22"]
[Round "5"]
[White "Di Benedetto, Desiree"]
[Black "Gueci, Tea"]
[WhiteElo "2152"]
[BlackElo "2136"]
[Result "1-0"]
[PlyCount "147"]
[EventDate "2015.07.19"]

1. e4 g6 2. d4 Bg7 3. c3 d6 4. Nf3 Nf6 5. Bd3 O-O 6. O-O Nc6 7. h3 e5 8. Re1
Nh5 9. dxe5 dxe5 10. Qc2 Qe7 11. Be3 Be6 12. Ng5 Nf4 13. Nxe6 Qxe6 14. Bf1 Rad8
15. b4 b6 16. Nd2 g5 17. Kh2 h6 18. g3 Qg6 19. Nb3 Ne6 20. b5 Ne7 21. a4 f5 22.
exf5 Nxf5 23. Bd3 Nxe3 24. Rxe3 Qf6 25. Rf1 Kh8 26. Bc4 Nf4 27. Qe4 Ng6 28. Bd3
Rd6 29. Qxg6 Qxg6 30. Bxg6 Rxg6 31. Nd2 Rd6 32. Ne4 Rd5 33. f3 Rfd8 34. Re2 c6
35. Rb1 cxb5 36. axb5 Rc8 37. Rbb2 Rc7 38. Red2 Rcd7 39. Kg2 Bf8 40. Kf2 Kg7
41. Ra2 Rxd2+ 42. Rxd2 Rxd2+ 43. Nxd2 Kf6 44. Ke3 Ke6 45. Ke4 h5 46. Nc4 Bg7
47. g4 h4 48. Ne3 Bf8 49. Nd5 Kd6 50. c4 Kc5 51. Kd3 Kd6 52. Nb4 Kc7 53. Na6+
Kd6 54. Nb8 Kc7 55. Na6+ Kd6 56. Ke4 Ke6 57. Nb8 Ba3 58. Nc6 Bb2 59. Nxa7 Kd6
60. Nc6 Kc5 61. Nxe5 Bc3 62. Nd7+ Kxc4 63. Nxb6+ Kxb5 64. Nd5 Bd2 65. Nc7+ Kc6
66. Ne6 Kd6 67. Kf5 Kd5 68. Nxg5 Kd4 69. Ne4 Bh6 70. g5 Bf8 71. g6 Ke3 72. Kg4
Bh6 73. Nd6 Kf2 74. Nf5 1-0

[Event "XLII C.to Italiano femminile"]
[Site "Giovinazzo ITA"]
[Date "2015.07.22"]
[Round "5"]
[White "Gueci, Laura"]
[Black "Brunello, Marina"]
[WhiteElo "1990"]
[BlackElo "2287"]
[Result "1/2-1/2"]
[PlyCount "42"]
[EventDate "2015.07.19"]

1. c4 c6 2. Nf3 d5 3. g3 Nf6 4. Bg2 g6 5. b3 Bg7 6. Bb2 O-O 7. O-O Nbd7 8. d3
a5 9. Nc3 Nc5 10. Qc2 d4 11. Ne4 Nfxe4 12. dxe4 e5 13. Ba3 b6 14. Ne1 Re8 15.
Nd3 Nd7 16. c5 b5 17. Bc1 Qe7 18. Bd2 Bb7 19. e3 dxe3 20. Bxe3 a4 21. Rfd1 Nf6
1/2-1/2

[Event "XLII C.to Italiano femminile"]
[Site "Giovinazzo ITA"]
[Date "2015.07.22"]
[Round "5"]
[White "Movileanu, Daniela"]
[Black "De Rosa, Mariagrazia"]
[WhiteElo "2180"]
[BlackElo "2073"]
[Result "1-0"]
[PlyCount "71"]
[EventDate "2015.07.19"]

1. e4 c5 2. Nf3 d6 3. d4 cxd4 4. Nxd4 Nf6 5. Nc3 a6 6. Be3 e6 7. f3 b5 8. Qd2
Nbd7 9. O-O-O Bb7 10. g4 Nb6 11. Qf2 Nfd7 12. Bd3 Rc8 13. Nce2 Nc5 14. Kb1 Nba4
15. Bc1 Qc7 16. Rhe1 Be7 17. Ng3 g6 18. g5 e5 19. Nb3 Nxd3 20. Rxd3 Nc5 21.
Nxc5 dxc5 22. f4 c4 23. Rf3 Bc5 24. Qf1 Bb4 25. c3 Bd6 26. f5 b4 27. Bd2 a5 28.
h4 Ba6 29. Qg2 Bb5 30. h5 Ba4 31. Rh1 Rg8 32. hxg6 hxg6 33. Rh7 Qc6 34. fxg6
fxg6 35. Qh3 Bc5 36. Rf6 1-0

[Event "XLII C.to Italiano femminile"]
[Site "Giovinazzo ITA"]
[Date "2015.07.22"]
[Round "5"]
[White "Palma, Maria"]
[Black "Santeramo, Alessia Carmen"]
[WhiteElo "1929"]
[BlackElo "2085"]
[Result "1/2-1/2"]
[PlyCount "95"]
[EventDate "2015.07.19"]

1. Nf3 d5 2. c4 d4 3. e3 Nc6 4. exd4 Nxd4 5. Nxd4 Qxd4 6. d3 c6 7. Be2 g6 8.
Bd2 Nf6 9. Bc3 Qd8 10. O-O Bg7 11. Na3 O-O 12. Nc2 Qc7 13. f4 Rd8 14. Kh1 Rf8
15. Kg1 Rd8 16. Kh1 Ne8 17. Qe1 Nd6 18. Bxg7 Kxg7 19. Qc3+ Kg8 20. Rae1 Nf5 21.
d4 Qd6 22. Rd1 Qf6 23. Bg4 h5 24. Bxf5 Bxf5 25. Ne3 Be4 26. d5 Qxc3 27. bxc3
Rac8 28. Rd4 f5 29. Rc1 cxd5 30. cxd5 Rc5 31. a4 a6 32. Kg1 Rdc8 33. c4 b5 34.
axb5 axb5 35. h3 bxc4 36. Rdxc4 Rxc4 37. Rxc4 Rxc4 38. Nxc4 Bxd5 39. Ne5 Kg7
40. h4 Bb3 41. Kf2 Ba4 42. Ke3 Kf6 43. Kd4 Be8 44. Kc5 Ke6 45. g3 Kf6 46. Kd5
Bb5 47. Kc5 Ba4 48. Kd4 1/2-1/2

[Event "XLII C.to Italiano femminile"]
[Site "Giovinazzo ITA"]
[Date "2015.07.23"]
[Round "6"]
[White "Brunello, Marina"]
[Black "Di Benedetto, Desiree"]
[WhiteElo "2287"]
[BlackElo "2152"]
[Result "1-0"]
[PlyCount "137"]
[EventDate "2015.07.19"]

1. e4 e6 2. d4 d5 3. Nd2 h6 4. Bd3 c5 5. c3 dxe4 6. Nxe4 cxd4 7. cxd4 Bb4+ 8.
Nc3 Nc6 9. Nf3 Nf6 10. O-O O-O 11. a3 Bd6 12. Qe2 Re8 13. Rd1 Qe7 14. Be3 b6
15. Nb5 Bb8 16. Nc3 Bb7 17. Rac1 Bd6 18. Ne4 Rac8 19. Bd2 Nxe4 20. Qxe4 f5 21.
Qe2 Qf6 22. Bb5 Re7 23. Bc3 Nd8 24. Ne5 Bd5 25. f3 Rcc7 26. Bb4 Bxb4 27. axb4
Nb7 28. Rc3 g5 29. Rdc1 Qg7 30. Bc6 Nd6 31. b5 f4 32. Qd3 Bxc6 33. Rxc6 Rxc6
34. bxc6 Ne8 35. Qa6 Rc7 36. Qc4 Qf6 37. Nd7 Qf7 38. Re1 Ng7 39. b4 Qe7 40. b5
Qd6 41. d5 Kf7 42. Qd4 Rxd7 43. cxd7 exd5 44. Re5 Qxd7 45. Rxd5 Qe6 46. Re5 Qf6
47. Qd5+ Kg6 48. h4 Kh5 49. hxg5 hxg5 50. Kh2 Kg6 51. Qe4+ Kf7 52. Rd5 Qh6+ 53.
Kg1 Qe6 54. Rxg5 Qxe4 55. fxe4 Ne6 56. Rf5+ Ke7 57. Kf2 Kd6 58. Kf3 Nd4+ 59.
Kxf4 Nxf5 60. exf5 Kc5 61. f6 Kxb5 62. f7 Ka4 63. f8=Q b5 64. Ke3 a5 65. Qc5 b4
66. Kd2 b3 67. Kc1 b2+ 68. Kb1 Kb3 69. Qxa5 1-0

[Event "XLII C.to Italiano femminile"]
[Site "Giovinazzo ITA"]
[Date "2015.07.23"]
[Round "6"]
[White "De Rosa, Mariagrazia"]
[Black "Gueci, Laura"]
[WhiteElo "2073"]
[BlackElo "1990"]
[Result "1/2-1/2"]
[PlyCount "102"]
[EventDate "2015.07.19"]

1. e4 c5 2. Nf3 g6 3. d4 cxd4 4. Nxd4 Nc6 5. c4 Nf6 6. Nc3 Nxd4 7. Qxd4 d6 8.
Bg5 Bg7 9. Qd2 O-O 10. Bd3 Be6 11. O-O Qa5 12. Rac1 Rfc8 13. b3 Qb4 14. Rc2 a6
15. Rb1 Rab8 16. Qc1 Qa5 17. b4 Qd8 18. Nd5 Bxd5 19. exd5 b5 20. Bxf6 Bxf6 21.
cxb5 Rxc2 22. Qxc2 axb5 23. Qe2 Qb6 24. g3 Kg7 25. Kg2 Qd4 26. Qe4 Ra8 27. Qf3
Ra3 28. Rb3 Rxb3 29. axb3 Qxb4 30. Be2 Qc5 31. Qd3 b4 32. Qc4 Bd4 33. Qxc5 Bxc5
34. f3 Kf6 35. f4 Kf5 36. Kf3 e6 37. g4+ Kf6 38. g5+ Ke7 39. dxe6 Kxe6 40. Bc4+
d5 41. Bd3 Bb6 42. h4 Bc7 43. Kg4 Kd6 44. h5 f5+ 45. Kf3 Ke6 46. h6 Bb6 47. Bb5
Bd4 48. Be8 Bh8 49. Ke2 Ke7 50. Bc6 Kd6 51. Be8 Ke7 1/2-1/2

[Event "XLII C.to Italiano femminile"]
[Site "Giovinazzo ITA"]
[Date "2015.07.23"]
[Round "6"]
[White "Paolillo, Gaia"]
[Black "Movileanu, Daniela"]
[WhiteElo "2140"]
[BlackElo "2180"]
[Result "0-1"]
[PlyCount "102"]
[EventDate "2015.07.19"]

1. Nf3 Nf6 2. c4 c5 3. g3 d5 4. cxd5 Nxd5 5. Nc3 Nc6 6. Bg2 Nc7 7. O-O e5 8. d3
Be7 9. Nd2 Bd7 10. Nc4 f6 11. f4 b5 12. Bxc6 Bxc6 13. Na5 Bd7 14. fxe5 Bh3 15.
Rf2 O-O 16. Nc6 Qd7 17. Nxe7+ Qxe7 18. exf6 Qe5 19. Bf4 Qxf6 20. Ne4 Qc6 21.
Bxc7 Rxf2 22. Kxf2 Qxc7 23. Qb3+ c4 24. Qxb5 Rf8+ 25. Ke3 cxd3 26. Qb3+ Kh8 27.
exd3 Bg2 28. Re1 Bxe4 29. dxe4 Qc5+ 30. Kd2 Qf2+ 31. Re2 Rd8+ 32. Qd5 Rxd5+ 33.
exd5 Qd4+ 34. Ke1 Qg1+ 35. Kd2 Kg8 36. Kd3 Qc5 37. Re5 Kf7 38. g4 Qb5+ 39. Ke4
Qc4+ 40. Ke3 Qc1+ 41. Ke4 Qc2+ 42. Ke3 Qxb2 43. Re4 Qxa2 44. Kd4 Qxh2 45. Re6
Qg1+ 46. Ke5 Qg3+ 47. Kf5 g6+ 48. Ke4 Qxg4+ 49. Ke5 Qg3+ 50. Kd4 Qg4+ 51. Ke5
Qxe6+ 0-1

[Event "XLII C.to Italiano femminile"]
[Site "Giovinazzo ITA"]
[Date "2015.07.23"]
[Round "6"]
[White "Santeramo, Alessia Carmen"]
[Black "Miracola, Giorgia"]
[WhiteElo "2085"]
[BlackElo "2013"]
[Result "1/2-1/2"]
[PlyCount "47"]
[EventDate "2015.07.19"]

1. e4 Nf6 2. e5 Nd5 3. d4 d6 4. c4 Nb6 5. exd6 cxd6 6. Nc3 g6 7. Be3 Bg7 8. Rc1
O-O 9. b3 Nc6 10. d5 Ne5 11. Be2 h5 12. h3 e6 13. dxe6 Bxe6 14. Nf3 d5 15. cxd5
Nxd5 16. Nxd5 Qxd5 17. O-O Rfd8 18. Qxd5 Bxd5 19. Nxe5 Bxe5 20. Rfd1 Bf6 21.
Rc5 Bc6 22. Rxd8+ Rxd8 23. Rc1 Be7 24. Bc4 1/2-1/2

[Event "XLII C.to Italiano femminile"]
[Site "Giovinazzo ITA"]
[Date "2015.07.24"]
[Round "7"]
[White "Miracola, Giorgia"]
[Black "Di Benedetto, Desiree"]
[WhiteElo "2013"]
[BlackElo "2152"]
[Result "0-1"]
[PlyCount "48"]
[EventDate "2015.07.19"]

1. e4 e6 2. d4 d5 3. Nc3 Nc6 4. Nf3 Nf6 5. Bg5 Be7 6. e5 Ne4 7. Bxe7 Qxe7 8.
Bd3 Qb4 9. O-O Nxc3 10. bxc3 Qxc3 11. Rb1 Qa3 12. Ng5 g6 13. Qf3 Qe7 14. Qf4
Nxd4 15. c4 c5 16. cxd5 exd5 17. Rfe1 Be6 18. Bb5+ Kd8 19. a4 b6 20. Qd2 h6 21.
Nxe6+ fxe6 22. Bd3 g5 23. a5 Kc7 24. Rec1 Nc6 0-1